Giáo trình động vật học không xương sống

সংরক্ষণ করুন:
গ্রন্থ-পঞ্জীর বিবরন
প্রধান লেখক: Nguyễn, Văn Thuận
অন্যান্য লেখক: Lê, Trọng Sơn
বিন্যাস: গ্রন্থ
প্রকাশিত: Huế Đại học Huế 2006
বিষয়গুলি:
ট্যাগগুলো: ট্যাগ যুক্ত করুন
কোনো ট্যাগ নেই, প্রথমজন হিসাবে ট্যাগ করুন!
Thư viện lưu trữ: Trung tâm Học liệu Lê Vũ Hùng, Trường Đại học Đồng Tháp
LEADER 00820aam a22002298a 4500
001 00038120
005 20200624140634.0
008 170515s2006 ||||||Viesd
041 0 # |a Vie 
082 1 4 |a 592  |b GI108TR 
100 1 # |a Nguyễn, Văn Thuận 
245 1 0 |a Giáo trình động vật học không xương sống  |c Nguyễn Văn Thuận; Lê Trọng Sơn 
260 # # |a Huế  |b Đại học Huế  |c 2006 
300 # # |a 327tr.  |c 24 cm 
653 # # |a Không xương sống 
653 # # |a Động vật 
700 1 # |a Lê, Trọng Sơn 
852 # # |b Kho mượn  |j KGT.0052643 
852 # # |b Kho đọc  |j KD.0020755 
852 # # |j KD.0020755  |j KGT.0052643 
910 # # |d 15/05/2017  |e nhnam  |f 24/06/2020 
980 # # |a Trung tâm Học liệu Lê Vũ Hùng, Trường Đại học Đồng Tháp